Trilogía de la vida (Record no. 116991)

MARC details
000 -LEADER
campo de control de longitud fija 00824nam a2200229 4500
001 - NÚMERO DE CONTROL
campo de control 116991
003 - IDENTIFICADOR DE NÚMERO DE CONTROL
campo de control ES-MaACL
005 - FECHA Y HORA DE LA ÚLTIMA TRANSACCIÓN
campo de control 20250902063104.0
007 - CAMPO FIJO DE DESCRIPCIÓN FÍSICA--INFORMACIÓN GENERAL
campo de control de longitud fija t|
008 - DATOS DE LONGITUD FIJA--INFORMACIÓN GENERAL
campo de control de longitud fija 070228s1977 sp r ||||1| spa d
100 1# - ENTRADA PRINCIPAL--NOMBRE DE PERSONA
Nombre de persona Pasolini, Pier Paolo,
Fechas asociadas al nombre 1922-1975
9 (RLIN) 89424
245 10 - MENCIÓN DEL TÍTULO
Título Trilogía de la vida
Resto del título : El Decamerón, Los cuentos de Canterbury, Las mil y una noches /
Mención de responsabilidad, etc. Pier Paolo Pasolini ; prólogo por José Luis Guarner ; bio-filmografía por Enric Ripoll-Freixes.
250 ## - MENCION DE EDICION
Mención de edición [1ª ed.].
260 ## - PUBLICACIÓN, DISTRIBUCIÓN, ETC.
Lugar de publicación, distribución, etc. Barcelona :
Nombre del editor, distribuidor, etc. Aymá,
Fecha de publicación, distribución, etc. 1977.
300 ## - DESCRIPCIÓN FÍSICA
Extensión 260 p. 2 láms. ;
Dimensiones 24 cm.
490 1# - MENCIÓN DE SERIE
Mención de serie Voz- imagen ;
Designación de volumen o secuencia 1
700 1# - ENTRADA AGREGADA--NOMBRE PERSONAL
Nombre de persona Guarner, José Luis.
9 (RLIN) 60339
700 1# - ENTRADA AGREGADA--NOMBRE PERSONAL
Nombre de persona Ripoll-Freixes, Enric.
9 (RLIN) 97434
830 0# - PUNTO DE ACCESO ADICIONAL DE SERIE-TÍTULO UNIFORME
Título uniforme Voz- imagen ;
Designación de volumen o secuencia 1
9 (RLIN) 231236
852 ## - LOCALIZACIÓN
Ubicación ES-MaACL
Número de control de estantería A-8367
Sublocalización o colección R.97547
Holdings
Estatus retirado Estado de pérdida Estado de daño No para préstamo Biblioteca de origen Biblioteca actual Ubicación en estantería Fecha de adquisición Fuente de adquisición Total de préstamos Signatura topográfica completa Código de barras Visto por última vez Precio de reemplazo Tipo de ítem Koha
        Biblioteca del Ateneo de Madrid Biblioteca del Ateneo de Madrid Sala Pecera Planta 1 17/01/2008     A-8367 1121980 23/02/2023 23/02/2023 Libro impreso